000 00317nam a22001337a 4500
008 170228b xxu||||| |||| 00| 0 eng d
020 _a9780801879098
041 _aeng
080 _23RD
_a616.8-006
100 _a6
101 _aSHM
245 _aSUPPORTIVE CARE OFCHILDREN WITH CANCER
_cALTMAN, A.J
942 _2udc
_cBK
999 _c6407
_d6407